| 000 | nam a22 7a 4500 | ||
|---|---|---|---|
| 999 |
_c1100 _d1100 |
||
| 005 | 20170508140030.0 | ||
| 008 | 170508b1990 -uk||||| |||| 00| 0 eng d | ||
| 020 | _a0415050332 | ||
| 040 | _aAKMAL | ||
| 082 | _a297.446 ETC | ||
| 090 |
_a297.446 _bETC |
||
| 245 | 0 | 0 |
_aMuslim travellers : _bpilgrimage, migration and the religious imagination / _cedited by Dale F. Eickelman and James Piscatori. |
| 260 |
_bRoutledge, _c1990 |
||
| 300 |
_axxii,281p. : _bill. ; _c23cm |
||
| 500 | _aIncludes index | ||
| 650 |
_aTravel _x Religious aspects _xIslam _92288 |
||
| 650 |
_aMuslim pilgrims and pilgrimages _92289 |
||
| 650 |
_a Islamic countries _xEmigration and immigration _92290 |
||
| 700 | 1 |
_aEickelman, Dale F., _d1942- _92291 |
|
| 700 | 1 |
_aPiscatori, James P. _92292 |
|
| 942 |
_2ddc _cBOOK |
||